|
|
|
|
| LEADER |
01189nam a2200349 a 4500 |
| 001 |
000119809 |
| 003 |
CZ BrMZK |
| 005 |
20210324155913.0 |
| 007 |
ta |
| 008 |
960815s1997 xr g j cze d |
| 015 |
|
|
|a cnb000281268
|
| 020 |
|
|
|a 80-7210-087-4
|
| 035 |
|
|
|a (OCoLC)38296563
|
| 040 |
|
|
|a BOA001
|b cze
|
| 072 |
|
7 |
|a 821-31/-34
|x Milostná, dobrodružná, fantastická próza
|2 Konspekt
|9 25
|
| 080 |
|
|
|a 821-322.5
|2 MRF
|
| 080 |
|
|
|a (0:82-322.5)
|2 MRF
|
| 100 |
1 |
|
|a Groot, Anne de
|7 jx20040130001
|4 aut
|
| 245 |
1 |
0 |
|a Však to nějak dopadne /
|c Anne de Grootová ; [z němčiny] přeložila Tereza Veselá
|
| 250 |
|
|
|a Vyd. 1.
|
| 260 |
|
|
|a Praha :
|b I. Železný,
|c 1997
|
| 300 |
|
|
|a 57 s. ;
|c 18 cm
|
| 490 |
1 |
|
|a Román lásky ;
|v 215 (1/97)
|
| 490 |
1 |
|
|a Knihovnička Večerů pod lampou ;
|v 2453
|
| 655 |
|
7 |
|a milostné povídky
|7 fd132834
|2 czenas
|
| 700 |
1 |
|
|a Veselá, Tereza
|7 jx20040202007
|4 trl
|
| 765 |
0 |
|
|t Was auch immer kommen mag.
|
| 830 |
|
0 |
|a Román lásky
|
| 830 |
|
0 |
|a Knihovnička Večerů pod lampou
|
| 910 |
|
|
|a BOA001
|b 1-1027.842
|
| 990 |
|
|
|a BK
|
| 996 |
6 |
|
|b 2610046100
|c 1-1027.842
|l MZK
|r Sklad / do 1 hodiny
|n 0
|p p.v.
|w 000119809
|u 000010
|a 1
|e BOA001
|j MZK50
|s P
|